Alle Städte an der Lippe - Statistiken

Allgemein
  • Dieses Quiz wurde 14 mal gespielt
  • Das Durchschnittsergebnis liegt bei 6 aus 19
Antwortstatistiken
Einwohner Stadt % Korrekt
68.739 Lippstadt
92%
156.378 Paderborn
77%
179.968 Hamm
62%
75.277 Dorsten
54%
38.142 Haltern am See
38%
86.163 Lünen
38%
60.785 Wesel
38%
17.252 Bad Lippspringe
31%
86.766 Marl
31%
52.666 Ahlen
23%
35.473 Datteln
23%
29.177 Waltrop
23%
30.202 Werne
23%
49.143 Bergkamen
15%
32.166 Delbrück
15%
25.429 Salzkotten
15%
25.969 Selm
15%
35.661 Voerde (Niederrhein)
8%
13.175 Olfen
0%
Keine übereinstimmenden Quizze gefunden
Verteilung der Resultate
Anzahl Personen mit jedem Resultat
Perzentil nach korrekt beantworteten Fragen
Ihre Resultats-Entwicklung
Sie haben dieses Quiz noch nicht gespielt